| 000 | 00391nam a22001457a 4500 | ||
|---|---|---|---|
| 020 | _a9788131788257 | ||
| 082 | _a621.MEC CAR | ||
| 100 |
_aCarryer, J.Edward _969603 |
||
| 245 | _aIntroduction to mechatronic design | ||
| 260 |
_aIndia _bPearson _c2017 |
||
| 300 | _axxvi,782 P | ||
| 650 |
_aMechatronic Design _969604 |
||
| 700 |
_aOhline, R.Matthew. Kenny,Thomas W. _969605 |
||
| 942 | _cBK | ||
| 999 |
_c576819 _d576819 |
||